|
|
|
|
| LEADER |
00000cam a2200000 7i4500 |
| 001 |
0000005107 |
| 005 |
20151222.0 |
| 008 |
0700108 |
| 020 |
|
|
|a 9838806463
|
| 090 |
0 |
0 |
|a JF
|b ART MAL (5448)
|
| 100 |
0 |
|
|a Hazimi Malek
|
| 245 |
1 |
0 |
|a Pensil warna
|c Hazimi Malek
|
| 260 |
|
|
|a Selangor :
|b Eddiplex Sdn.Bhd ,
|c 2005
|
| 440 |
|
0 |
|a Skil seni lukis
|v Teknik dan kaedah penggunaan
|
| 500 |
|
|
|a Children ages 7-9 years old (orange)
|
| 650 |
|
0 |
|a Art
|x Study and teaching
|
| 650 |
|
0 |
|a English
|x Study and teaching
|
| 999 |
|
|
|a 0000905548
|b Book
|c Teenagers
|e Cawangan Bandar Tenggara
|
| 999 |
|
|
|a 0000977491
|b Book
|c Children Collection
|e Perbadanan Perpustakaan Awam Johor
|
| 999 |
|
|
|a 0001013113
|b Book
|c Children Collection
|e Cawangan Bukit Gambir
|
| 999 |
|
|
|a 0001013114
|b Book
|c Children Collection
|e Cawangan Bukit Gambir
|
| 999 |
|
|
|a 0001071157
|b Book
|c Children Collection
|e Cawangan Taman Universiti
|
| 999 |
|
|
|a 0001148884
|b Book
|c Children Collection
|e Cawangan Bukit Gambir
|
| 999 |
|
|
|a 0001148885
|b Book
|c Children Collection
|e Cawangan Bandar Penawar
|
| 999 |
|
|
|a 0001148886
|b Book
|c Children Collection
|e Cawangan Tmn. Ungku Tun Aminah
|
| 999 |
|
|
|a 0001148887
|b Book
|c Children Collection
|e Cawangan Segamat
|
| 999 |
|
|
|a 0001503457
|b Book
|c Children Collection
|e Cawangan Taman Universiti
|